000 00600cam a2200193 a 4500
005 20250901165601.0
008 821210s1983 nyu b 001 0 eng
010 _a 82045237
020 _a0385180012
020 _a0385180063 (pbk.)
050 0 0 _aHQ734 .B56 1983
_b.B56 1983
082 0 0 _a306.8/5
_219
100 1 _aBerger, Brigitte,
_d1928-
245 1 4 _aThe war over the family :
_bcapturing the middle ground /
_cby Brigitte Berger and Peter L. Berger.
250 _a1st ed.
260 _aGarden City, N.Y. :
_bAnchor Press/Doubleday,
_c1983.
300 _aix, 252 p. ;
_c22 cm.
942 _2ddc
999 _c6240
_d6240